000 00923cam a2200253 i 4500
003 SA-RiAUC
005 20250313103845.0
008 250311s2002 ua o g 00000bara c
040 _aSA-RiKSU
_bara
_cSA-RiAUC
_erda
082 0 4 _a924.1
090 _a924.1
_bع ا ر
100 1 _aالعارف، عبد الرحمن بن حسن
_eمؤلف.
245 1 0 _aتمام حسان رائدا لغويا /
_cعبد الرحمن حسن العارف.
250 _aالطبعة الأولى.
264 1 _aالقاهرة :
_bعالم الكتب،
_c2002
300 _a383 صفحة :
_bصور ؛
_c24 سم
336 _aنص
_btxt
_2rdacontent
_3كتاب
337 _aبدون وسيط
_bn
_2rdamedia
338 _aمجلد
_bnc
_2rdacarrier
600 1 7 _aحسان، تمام،
_d1918-2011
_2aucnm
650 7 _aاللغويون العرب
_vتراجم
_2aucsh
942 _2ddc
_cBOOK
_n0
949 _aSA-JeALM
_d250311
_umohamedma123
_n1
999 _c6375
_d6375